| 000 | 01088cad a22002415a 4500 | ||
|---|---|---|---|
| 001 | E147389 | ||
| 008 | 090508s2009 xxk f lf000 0 eng d | ||
| 035 | _a(Sirsi) u147389 | ||
| 041 | 0 | _aeng | |
| 110 | 2 |
_aUnited Kingdom _kLaws, etc. _95044 |
|
| 245 | 0 | 4 |
_aThe Upper Tribunal (Lands Chamber) Fees Order 2009 _h[electronic resource] |
| 260 |
_aLondon _bOPSI _c2009 |
||
| 490 | 0 |
_aSI _v(1114) 2009 |
|
| 520 | _aThis Order relates to the fees payable in proceedings in the Lands Chamber of the Upper Tribunal. The fees are payable against the same items, and are set at the same level, as those payable previously under the Lands Tribunal (Fees) Rules 1996. | ||
| 520 | _aComes into force 1 June 2009. | ||
| 521 | _aAdvanced | ||
| 590 | _aKA | ||
| 650 | 2 | 4 | _aUPPER TRIBUNAL (LANDS CHAMBER) FEES ORDER 2009 |
| 651 | 4 |
_aEngland _y886- |
|
| 690 | _aMANAGEMENT-DISPUTE AVOIDANCE, MANAGEMENT AND RESOLUTION-DISPUTE MANAGEMENT AND RESOLUTION-TRIBUNALS | ||
| 856 | 4 | 0 |
_uhttps://www.opsi.gov.uk/si/si2009/uksi_20091114_en_1 _zView the item free of charge at www.opsi.gov.uk... |
| 942 | _n0 | ||
| 999 |
_c109534 _d109534 |
||